[Event "SVK-chT2C 1516"]
[Site "Slovakia"]
[Date "2016.02.14"]
[Round "9.6"]
[White "Sedlar, Jozef"]
[Black "Zavarsky, Juraj"]
[Result "1/2-1/2"]
[WhiteElo "1936"]
[BlackElo "2011"]
[PlyCount "23"]
[EventDate "2015.10.17"]
[EventType "team-tourn"]
[EventRounds "11"]
[EventCountry "SVK"]
[SourceTitle "EXT 2017"]
[Source "ChessBase"]
[SourceDate "2016.10.25"]
[SourceVersion "1"]
[SourceVersionDate "2016.10.25"]
[SourceQuality "1"]
[WhiteTeam "Banska Bystrica Kurta"]
[BlackTeam "Liptovska Stiavnica"]
[WhiteTeamCountry "SVK"]
[BlackTeamCountry "SVK"]

1. a3 e5 2. c3 Nf6 3. d4 Nc6 4. Bg5 h6 5. Bh4 Be7 6. e3 a6 7. Bxf6 Bxf6 8. d5 Ne7 9. d6 cxd6 10. Qxd6 Nf5 11. Qd5 Ne7 12. Qd6 1/2-1/2

[Event "SVK-chT2C 1516"]
[Site "Slovakia"]
[Date "2016.02.13"]
[Round "8.7"]
[White "Sedlar, Jozef"]
[Black "Brnusak, Andrej"]
[Result "1-0"]
[WhiteElo "1936"]
[BlackElo "1766"]
[PlyCount "149"]
[EventDate "2015.10.17"]
[EventType "team-tourn"]
[EventRounds "11"]
[EventCountry "SVK"]
[SourceTitle "EXT 2017"]
[Source "ChessBase"]
[SourceDate "2016.10.25"]
[SourceVersion "1"]
[SourceVersionDate "2016.10.25"]
[SourceQuality "1"]
[WhiteTeam "Banska Bystrica Kurta"]
[BlackTeam "Liptov Chess School III"]
[WhiteTeamCountry "SVK"]
[BlackTeamCountry "SVK"]

1. a3 Nf6 2. d4 g6 3. c4 Bg7 4. Nc3 0-0 5. e4 d6 6. f4 Nc6 7. d5 Nb8 8. Nf3 Nbd7 9. Bd3 a5 10. 0-0 b6 11. Bd2 e5 12. fxe5 Nxe5 13. Nxe5 dxe5 14. Qc2 Qe7 15. Na4 Bd7 16. Kh1 Rfb8 17. Nc3 c5 18. dxc6 Bxc6 19. Nd5 Bxd5 20. cxd5 Rc8 21. Qa4 Nd7 22. Bb5 Nc5 23. Qc2 Qh4 24. Rae1 Ne6 25. Bc6 Nd4 26. Qc4 Ra7 27. Bc3 Qe7 28. Bxd4 exd4 29. Qe2 Be5 30. Rf3 Qd6 31. Rh3 Qe7 32. Qg4 Rb8 33. Rf1 Rc7 34. Rhf3 Rf8 35. Rb3 Rb8 36. Qe2 Ra7 37. Rbf3 Rf8 38. Qb5 Bc7 39. Rf6 Qe5 40. d6 Bxd6 41. Qxe5 Bxe5 42. R6f3 Rc7 43. Bd5 Kg7 44. Rb3 Rb8 45. g3 f6 46. Kg2 Rc5 47. h4 h5 48. a4 Rc2+ 49. Rf2 Rc1 50. Kf3 Rg1 51. Rg2 Ra1 52. Bc6 Rc1 53. Bd5 Rf1+ 54. Ke2 Rc1 55. Kf3 Bd6 56. g4 hxg4+ 57. Kxg4 Bc5 58. h5 g5 59. e5 Be7 60. Rf3 Rh8 61. exf6+ Bxf6 62. Rb3 Rc5 63. Be4 Bd8 64. Bg6 Rf8 65. Rf3 Rxf3 66. Kxf3 Bc7 67. Ke4 Bf4 68. Kxd4 Rc7 69. Kd5 Rc5+ 70. Ke6 Rc6+ 71. Kd7 Rc7+ 72. Kd8 Rc4 73. Re2 Rc7 74. Re6 Rb7 75. h6+ 1-0

[Event "SVK-chT2C 1314"]
[Site "Slovakia"]
[Date "2014.03.16"]
[Round "11.2"]
[White "Sedlar, Jozef"]
[Black "Zvarik, Martin"]
[Result "0-1"]
[WhiteElo "2025"]
[BlackElo "2216"]
[PlyCount "46"]
[EventDate "2013.10.19"]
[EventType "team-tourn"]
[EventRounds "11"]
[EventCountry "SVK"]
[SourceTitle "EXT 2015"]
[Source "ChessBase"]
[SourceDate "2014.11.20"]
[SourceVersion "1"]
[SourceVersionDate "2014.11.20"]
[SourceQuality "1"]
[WhiteTeam "Banska Bystrica Kurta"]
[BlackTeam "Zilina Mladost II"]
[WhiteTeamCountry "SVK"]
[BlackTeamCountry "SVK"]

1. a3 e5 2. c3 d5 3. d4 Nc6 4. dxe5 Nxe5 5. Nd2 Nf6 6. Ngf3 Ng6 7. Nb3 c5 8. Bg5 Be6 9. e3 Qb6 10. Bxf6 gxf6 11. a4 a6 12. a5 Qc6 13. Qc2 0-0-0 14. c4 Kb8 15. Rc1 d4 16. exd4 cxd4 17. Bd3 Bb4+ 18. Kf1 Nf4 19. Nbd2 Bxd2 20. Qxd2 Nxg2 21. Be2 Bh3 22. Rg1 d3 23. Rxg2 dxe2+ 0-1

[Event "SVK-chT2C 1213"]
[Site "Slovakia"]
[Date "2012.10.13"]
[Round "1.4"]
[White "Stehlik, Peter"]
[Black "Sedlar, Jozef"]
[Result "1/2-1/2"]
[WhiteElo "1967"]
[BlackElo "2023"]
[PlyCount "28"]
[EventDate "2012.10.13"]
[EventType "team-tourn"]
[EventRounds "11"]
[EventCountry "SVK"]
[SourceTitle "EXT 2015"]
[Source "ChessBase"]
[SourceDate "2014.11.20"]
[SourceVersion "1"]
[SourceVersionDate "2014.11.20"]
[SourceQuality "1"]
[WhiteTeam "Detva Podpolanie"]
[BlackTeam "Banska Bystrica Kurta"]
[WhiteTeamCountry "SVK"]
[BlackTeamCountry "SVK"]

1. Nf3 d5 2. d4 Nf6 3. g3 Bf5 4. Bg2 e6 5. c4 c6 6. Nc3 Nbd7 7. 0-0 Bd6 8. Nh4 Bg6 9. Bg5 0-0 10. Nxg6 hxg6 11. Rc1 Rc8 12. e4 dxe4 13. Nxe4 Be7 14. Qe2 Nxe4 1/2-1/2

[Event "SVK-chT2C 1112"]
[Site "Slovakia"]
[Date "2012.01.29"]
[Round "9.2"]
[White "Jelen, Peter"]
[Black "Sedlar, Jozef"]
[Result "1-0"]
[WhiteElo "2193"]
[BlackElo "2035"]
[PlyCount "77"]
[EventDate "2011.10.08"]
[EventType "team-tourn"]
[EventRounds "11"]
[EventCountry "SVK"]
[SourceTitle "EXT 2013"]
[Source "ChessBase"]
[SourceDate "2012.11.22"]
[SourceVersion "1"]
[SourceVersionDate "2012.11.22"]
[SourceQuality "1"]
[WhiteTeam "Liptov Chess School II"]
[BlackTeam "Podpolanie Detva"]
[WhiteTeamCountry "SVK"]
[BlackTeamCountry "SVK"]

1. c4 e5 2. Nc3 f5 3. g3 Nf6 4. Bg2 g6 5. d4 exd4 6. Qxd4 Nc6 7. Qd1 Bg7 8. b3 0-0 9. Bb2 d6 10. Nh3 Be6 11. Ng5 Bd7 12. 0-0 Qe7 13. Re1 h6 14. Nf3 Rae8 15. Rc1 Ne4 16. Nd5 Qd8 17. Bxg7 Kxg7 18. Nd4 Ne5 19. Nc3 Nxc3 20. Rxc3 f4 21. Bxb7 Qf6 22. Rf1 Bg4 23. gxf4 Qxf4 24. Rg3 h5 25. f3 Qe3+ 26. Kh1 h4 27. Rgg1 Bh3 28. Re1 Rf4 29. Nc2 Qb6 30. Qd2 Ref8 31. Be4 Rxe4 32. fxe4 Ng4 33. Rxg4 Bxg4 34. Rg1 Be6 35. Qg5 Rf6 36. Qxh4 Qa5 37. Qg3 Qxa2 38. Qc3 Bh3 39. Ra1 1-0

[Event "SVK-chT2C 1112"]
[Site "Slovakia"]
[Date "2011.12.04"]
[Round "6.2"]
[White "Sedlar, Jozef"]
[Black "Szamos, Alexander"]
[Result "1/2-1/2"]
[WhiteElo "2035"]
[BlackElo "2202"]
[PlyCount "54"]
[EventDate "2011.10.08"]
[EventType "team-tourn"]
[EventRounds "11"]
[EventCountry "SVK"]
[SourceTitle "EXT 2013"]
[Source "ChessBase"]
[SourceDate "2012.11.22"]
[SourceVersion "1"]
[SourceVersionDate "2012.11.22"]
[SourceQuality "1"]
[WhiteTeam "Podpolanie Detva"]
[BlackTeam "Filakovo"]
[WhiteTeamCountry "SVK"]
[BlackTeamCountry "SVK"]

1. a3 d5 2. d4 Nf6 3. Bg5 e6 4. e3 Be7 5. c4 0-0 6. Nc3 b6 7. cxd5 exd5 8. Nf3 Bf5 9. Bd3 Bxd3 10. Qxd3 Nbd7 11. Ne5 Nxe5 12. dxe5 Nd7 13. Bxe7 Qxe7 14. Qxd5 Nxe5 15. 0-0 c5 16. Rfd1 Rad8 17. Qe4 Qe6 18. Rd5 Rxd5 19. Qxd5 Qxd5 20. Nxd5 Rd8 21. e4 Kf8 22. Rc1 f5 23. f3 Rd7 24. Rc2 fxe4 25. fxe4 c4 26. a4 Rd6 27. Kf2 a6 1/2-1/2

[Event "SVK-chT2C 10/11"]
[Site "Slovakia"]
[Date "2011.02.06"]
[Round "7.2"]
[White "Singliar, Anton"]
[Black "Sedlar, Jozef"]
[Result "1/2-1/2"]
[WhiteElo "2143"]
[BlackElo "2034"]
[PlyCount "102"]
[EventDate "2010.10.23"]
[EventType "team-tourn"]
[EventRounds "11"]
[EventCountry "SVK"]
[SourceTitle "EXT 2019"]
[Source "ChessBase"]
[SourceDate "2018.10.10"]
[SourceVersion "1"]
[SourceVersionDate "2018.10.10"]
[SourceQuality "1"]
[WhiteTeam "Dolny Kubin"]
[BlackTeam "Banska Bystrica Kurta"]
[WhiteTeamCountry "SVK"]
[BlackTeamCountry "SVK"]

1. e4 c6 2. d3 d5 3. Nd2 dxe4 4. dxe4 e5 5. Ngf3 Bg4 6. h3 Bxf3 7. Qxf3 Nf6 8. Bc4 Bc5 9. 0-0 0-0 10. a4 a5 11. Rd1 Qc7 12. Nf1 Nbd7 13. Ng3 Nb6 14. Bb3 Rad8 15. Bg5 Rxd1+ 16. Rxd1 Be7 17. Nf5 Rd8 18. Rxd8+ Qxd8 19. Nxe7+ Qxe7 20. Qc3 Qb4 21. Qxb4 axb4 22. f3 c5 23. a5 Nbd7 24. Kf2 Kf8 25. Ke2 h6 26. Bd2 Ke7 27. c3 bxc3 28. Bxc3 Ne8 29. Bd5 Nd6 30. f4 f6 31. g3 g5 32. fxg5 fxg5 33. Kd3 Kd8 34. Be6 c4+ 35. Ke3 Nc5 36. Bd5 Nd7 37. Bb4 Kc7 38. Bxd6+ Kxd6 39. Bxc4 Kc5 40. Bd5 Kb4 41. Bxb7 Kxa5 42. Bd5 Kb4 43. Be6 Nf6 44. Bf7 Nd7 45. Kf3 Nf6 46. Be6 Kc5 47. h4 Kb4 48. hxg5 hxg5 49. Bf7 Kc5 50. Ke3 Kb4 51. Kd3 Nd7 1/2-1/2

[Event "SVK-chT2C 0910"]
[Site "Slovakia"]
[Date "2010.01.09"]
[Round "6.5"]
[White "Valuska, Pavel"]
[Black "Sedlar, Jozef"]
[Result "0-1"]
[WhiteElo "2044"]
[BlackElo "2062"]
[PlyCount "58"]
[EventDate "2009.10.10"]
[EventType "team-tourn"]
[EventRounds "11"]
[EventCountry "SVK"]
[SourceTitle "EXT 2011"]
[Source "ChessBase"]
[SourceDate "2010.11.26"]
[SourceVersion "1"]
[SourceVersionDate "2010.11.26"]
[SourceQuality "1"]
[WhiteTeam "Zvolen Slavia"]
[BlackTeam "Banska Bystrica Kurta"]
[WhiteTeamCountry "SVK"]
[BlackTeamCountry "SVK"]

1. e4 c6 2. d4 d5 3. e5 Bf5 4. Nf3 e6 5. c3 c5 6. a3 Nc6 7. b4 cxb4 8. cxb4 Rc8 9. Bb2 Nge7 10. Nc3 Bg4 11. Bb5 Nf5 12. Bxc6+ Rxc6 13. Ne2 Bxf3 14. gxf3 g6 15. Ng3 Ne7 16. h4 h5 17. Bc1 Rc4 18. Bg5 Qb6 19. Bxe7 Bxe7 20. Ne2 0-0 21. Rc1 Rfc8 22. Rxc4 Rxc4 23. Kf1 a5 24. Qa4 axb4 25. Qe8+ Bf8 26. Nf4 Qc6 27. Qd8 Rc1+ 28. Kg2 Rxh1 29. Kxh1 Qc1+ 0-1

[Event "SVK-chT2C 0910"]
[Site "Slovakia"]
[Date "2009.11.08"]
[Round "4.5"]
[White "Sedlar, Jozef"]
[Black "Bucek, Eduard"]
[Result "1/2-1/2"]
[WhiteElo "2062"]
[BlackElo "2018"]
[PlyCount "87"]
[EventDate "2009.10.10"]
[EventType "team-tourn"]
[EventRounds "11"]
[EventCountry "SVK"]
[SourceTitle "EXT 2011"]
[Source "ChessBase"]
[SourceDate "2010.11.26"]
[SourceVersion "1"]
[SourceVersionDate "2010.11.26"]
[SourceQuality "1"]
[WhiteTeam "Banska Bystrica Kurta"]
[BlackTeam "Zilina DMS"]
[WhiteTeamCountry "SVK"]
[BlackTeamCountry "SVK"]

1. a3 Nf6 2. d4 d5 3. Bg5 Nbd7 4. e3 e6 5. c4 Be7 6. Nc3 c6 7. Nf3 0-0 8. Rc1 Re8 9. Bd3 dxc4 10. Bxc4 Nd5 11. Bxe7 Qxe7 12. 0-0 N5b6 13. Ba2 e5 14. d5 cxd5 15. Nxd5 Nxd5 16. Qxd5 Nf6 17. Qc5 Bg4 18. Qxe7 Rxe7 19. Rc5 Rae8 20. Rfc1 h6 21. h3 Bd7 22. Nh4 Kf8 23. Rc7 Bc6 24. Rxe7 Rxe7 25. Rd1 g6 26. Nf3 Ke8 27. Kf1 Ne4 28. Bd5 Bb5+ 29. Ke1 Nc5 30. Rd2 Nd3+ 31. Kd1 e4 32. Nd4 Ba6 33. b4 Re5 34. Bb3 Kf8 35. Ba4 Bc4 36. Bc2 f5 37. Bb3 Bxb3+ 38. Nxb3 Re7 39. Rc2 Rd7 40. Nd4 Ke7 41. Ke2 a6 42. Nb3 Ne5 43. Nc5 Rc7 44. Kd1 1/2-1/2

[Event "SVK-chT2C 0910"]
[Site "Slovakia"]
[Date "2009.11.07"]
[Round "3.4"]
[White "Sedlar, Jozef"]
[Black "Milovnik, Juraj"]
[Result "0-1"]
[WhiteElo "2062"]
[BlackElo "2040"]
[PlyCount "46"]
[EventDate "2009.10.10"]
[EventType "team-tourn"]
[EventRounds "11"]
[EventCountry "SVK"]
[SourceTitle "EXT 2011"]
[Source "ChessBase"]
[SourceDate "2010.11.26"]
[SourceVersion "1"]
[SourceVersionDate "2010.11.26"]
[SourceQuality "1"]
[WhiteTeam "Banska Bystrica Kurta"]
[BlackTeam "Zilina Central"]
[WhiteTeamCountry "SVK"]
[BlackTeamCountry "SVK"]

1. e4 e5 2. Nf3 Nf6 3. Nc3 Nc6 4. Bc4 Bc5 5. 0-0 0-0 6. d3 h6 7. Nd5 d6 8. c3 Nxd5 9. Bxd5 Qf6 10. b4 Bb6 11. a4 a5 12. Qb3 Bg4 13. Bxc6 Bxf3 14. gxf3 bxc6 15. Qd1 Qh4 16. Be3 f5 17. Bxb6 cxb6 18. bxa5 bxa5 19. Qe2 Rf6 20. Ra2 Raf8 21. exf5 Rxf5 22. Qe4 Qh3 23. f4 Rxf4 0-1

[Event "SVK-chT2C 0809"]
[Site "Slovakia"]
[Date "2009.01.31"]
[Round "8.2"]
[White "Bucek, Eduard"]
[Black "Sedlar, Jozef"]
[Result "0-1"]
[WhiteElo "2050"]
[BlackElo "2039"]
[PlyCount "92"]
[EventDate "2008.10.11"]
[EventType "team-tourn"]
[EventRounds "11"]
[EventCountry "SVK"]
[SourceTitle "EXT 2010"]
[Source "ChessBase"]
[SourceDate "2010.11.25"]
[SourceVersion "1"]
[SourceVersionDate "2010.11.25"]
[SourceQuality "1"]
[WhiteTeam "Zilina DMS"]
[BlackTeam "Banska Bystrica Kurta"]
[WhiteTeamCountry "SVK"]
[BlackTeamCountry "SVK"]

1. d4 Nf6 2. Nc3 d5 3. Bg5 c6 4. Nf3 Bf5 5. Bxf6 exf6 6. e3 Bb4 7. Bd3 Bg4 8. 0-0 0-0 9. h3 Bh5 10. g4 Bg6 11. Ne2 Bd6 12. Nf4 Bxf4 13. exf4 Bxd3 14. Qxd3 Qd6 15. Qd2 Nd7 16. Rfe1 Rfe8 17. Kg2 Re6 18. Rxe6 fxe6 19. Re1 c5 20. c3 b6 21. Qe3 Nf8 22. Nh4 cxd4 23. cxd4 Rc8 24. Rc1 Rc4 25. b3 Rc6 26. Rxc6 Qxc6 27. f5 Qd6 28. fxe6 Qxe6 29. Kf3 Kf7 30. Ng2 Qd6 31. Nf4 g5 32. Nh5 Qh2 33. Ke2 Ne6 34. Qd3 Nf8 35. Qf5 Qd6 36. Ke3 Ng6 37. f4 h6 38. fxg5 hxg5 39. Kd3 Qc6 40. h4 gxh4 41. g5 Qe6 42. Qf2 Qe4+ 43. Kd2 f5 44. Nf6 Qf4+ 45. Qxf4 Nxf4 46. Ke3 h3 0-1

[Event "SVK-chT2C 0809"]
[Site "Slovakia"]
[Date "2009.01.10"]
[Round "7.1"]
[White "Sedlar, Jozef"]
[Black "Sulko, Jan"]
[Result "0-1"]
[WhiteElo "2039"]
[BlackElo "2114"]
[PlyCount "72"]
[EventDate "2008.10.11"]
[EventType "team-tourn"]
[EventRounds "11"]
[EventCountry "SVK"]
[SourceTitle "EXT 2010"]
[Source "ChessBase"]
[SourceDate "2010.11.25"]
[SourceVersion "1"]
[SourceVersionDate "2010.11.25"]
[SourceQuality "1"]
[WhiteTeam "Banska Bystrica Kurta"]
[BlackTeam "Zvolen Slavia"]
[WhiteTeamCountry "SVK"]
[BlackTeamCountry "SVK"]

1. a3 d5 2. d4 Nf6 3. Nf3 Bf5 4. Bg5 e6 5. e3 h6 6. Bh4 Be7 7. Bd3 Ne4 8. Bxe7 Qxe7 9. Nbd2 Nd7 10. Nb3 b6 11. Bb5 0-0 12. Bc6 Rad8 13. Bxd7 Qxd7 14. Nfd2 Nd6 15. Rc1 Nc4 16. Nxc4 dxc4 17. Nd2 Qb5 18. 0-0 Qxb2 19. Nxc4 Qc3 20. Qe2 c5 21. Ne5 cxd4 22. exd4 Rxd4 23. Qa6 Rd5 24. Nc4 Rc5 25. Nd6 Ra5 26. Qb7 Bg6 27. Rfd1 Bxc2 28. h3 Qb3 29. Rd2 Bg6 30. Nc8 Qxa3 31. Rc7 Qa1+ 32. Kh2 Qe5+ 33. g3 Be4 34. Ne7+ Kh7 35. f4 Ra1 36. Rg2 Bxg2 0-1

[Event "SVK-chT2C 0809"]
[Site "Slovakia"]
[Date "2008.11.08"]
[Round "3.1"]
[White "Sedlar, Jozef"]
[Black "Kostelny, Jozef"]
[Result "0-1"]
[WhiteElo "2039"]
[BlackElo "2195"]
[PlyCount "78"]
[EventDate "2008.10.11"]
[EventType "team-tourn"]
[EventRounds "11"]
[EventCountry "SVK"]
[SourceTitle "EXT 2010"]
[Source "ChessBase"]
[SourceDate "2010.11.25"]
[SourceVersion "1"]
[SourceVersionDate "2010.11.25"]
[SourceQuality "1"]
[WhiteTeam "Banska Bystrica Kurta"]
[BlackTeam "Zilina Mladost II"]
[WhiteTeamCountry "SVK"]
[BlackTeamCountry "SVK"]

1. a3 Nf6 2. d4 g6 3. Nf3 Bg7 4. c4 0-0 5. Nc3 d6 6. Bg5 h6 7. Bh4 g5 8. Bg3 Nh5 9. e3 Bg4 10. Be2 f5 11. Nd2 Bxe2 12. Qxe2 Nxg3 13. hxg3 Nc6 14. d5 Ne5 15. Nf3 Nxf3+ 16. Qxf3 Qd7 17. Rc1 c6 18. Qe2 e6 19. 0-0 Rae8 20. Qd2 exd5 21. cxd5 c5 22. b4 b6 23. bxc5 dxc5 24. Rfd1 f4 25. exf4 gxf4 26. gxf4 Qg4 27. Re1 Rd8 28. Ne2 Rd6 29. Rcd1 Rf5 30. Qe3 Rg6 31. g3 Rd6 32. Kg2 Qg6 33. Qf3 Qf7 34. Nc3 Bd4 35. Nb5 Rdxd5 36. Nxd4 Rxd4 37. Rxd4 cxd4 38. Qd3 Rd5 39. Qe4 d3 0-1

[Event "SVK-chT2C 0708"]
[Site "Slovakia"]
[Date "2007.11.03"]
[Round "3.2"]
[White "Kollar, Vladimir"]
[Black "Sedlar, Jozef"]
[Result "1-0"]
[WhiteElo "2025"]
[BlackElo "2025"]
[PlyCount "53"]
[EventDate "2007.10.06"]
[EventType "team-tourn"]
[EventRounds "11"]
[EventCountry "SVK"]
[SourceTitle "EXT 2010"]
[Source "ChessBase"]
[SourceDate "2010.11.25"]
[SourceVersion "1"]
[SourceVersionDate "2010.11.25"]
[SourceQuality "1"]
[WhiteTeam "Zilina Central"]
[BlackTeam "Banska Bystrica Kurta"]
[WhiteTeamCountry "SVK"]
[BlackTeamCountry "SVK"]

1. d4 Nf6 2. c4 e6 3. Nc3 b6 4. e4 Bb4 5. Qc2 Bb7 6. Bd3 d5 7. cxd5 Bxc3+ 8. bxc3 exd5 9. e5 Nfd7 10. Nf3 c5 11. Bxh7 cxd4 12. cxd4 Nc6 13. 0-0 Rc8 14. e6 Ne7 15. exd7+ Qxd7 16. Qd3 g6 17. Ne5 Qf5 18. Bxg6 fxg6 19. Qxf5 Nxf5 20. Nxg6 Rg8 21. Re1+ Kf7 22. Ne5+ Kf6 23. Nf3 Rg4 24. Be3 Ba6 25. Rac1 Bc4 26. a3 Rg7 27. Bf4 1-0

[Event "SVK-chT2C 0708"]
[Site "Slovakia"]
[Date "2007.10.06"]
[Round "1.1"]
[White "Sedlar, Jozef"]
[Black "Mraz, Martin"]
[Result "1-0"]
[WhiteElo "2025"]
[BlackElo "1964"]
[PlyCount "95"]
[EventDate "2007.10.06"]
[EventType "team-tourn"]
[EventRounds "11"]
[EventCountry "SVK"]
[SourceTitle "EXT 2010"]
[Source "ChessBase"]
[SourceDate "2010.11.25"]
[SourceVersion "1"]
[SourceVersionDate "2010.11.25"]
[SourceQuality "1"]
[WhiteTeam "Banska Bystrica Kurta"]
[BlackTeam "Liptov SK III"]
[WhiteTeamCountry "SVK"]
[BlackTeamCountry "SVK"]

1. a3 e5 2. c3 d5 3. d4 Nc6 4. dxe5 Nxe5 5. Nd2 Nf6 6. Ngf3 Ng6 7. g3 Bd6 8. Bg2 0-0 9. Nb3 c5 10. Bg5 Be6 11. Qc2 h6 12. Bxf6 Qxf6 13. Rd1 Rfe8 14. 0-0 a5 15. Nc1 Rab8 16. Qa4 b5 17. Qxa5 Ne7 18. a4 Bd7 19. Qa7 Bc6 20. axb5 Ra8 21. Qb6 Reb8 22. Qxb8+ Rxb8 23. bxc6 Rxb2 24. e4 dxe4 25. Nd2 Be5 26. Nxe4 Qg6 27. Nd3 Bxc3 28. Nxb2 Bxb2 29. Rd8+ Kh7 30. c7 c4 31. Re8 Be5 32. Rxe7 Bxc7 33. Rxc7 Qe6 34. Rc1 Qb6 35. R7xc4 Qb2 36. Nd6 Qf6 37. Be4+ g6 38. Nxf7 h5 39. h4 Qb2 40. Ng5+ Kg7 41. Rc6 Kf8 42. R1c2 Qb4 43. Rxg6 Qa5 44. Rc8+ Ke7 45. Rg7+ Kd6 46. Rc6+ Ke5 47. Re7+ Kd4 48. Rd7+ 1-0